000 00544nmm a2200169Ia 4500
008 251105s9999||||xx |||||||||||||||||und||
020 _a9789560001566
041 _aspa
100 _aSalinas Campos, Maximiliano
245 0 _aLa risa de Gabriela Mistral :
_b Una historia cultural del humor en Chile e Iberoamérica
264 _a[Santiago de Chile, Chile] :
_bLOM Ediciones,
_c2010
300 _a150 páginas
490 _aHistoria
650 _aCultural Studies
856 _uhttps://public.digitaliapublishing.com/a/13163
942 _cCF
999 _c93426
_d93426